Vývoj mimovládneho sektora v krajinách Vyšehrádskej skupiny

Bližší pohľad na vývoj mimovládneho sektora v krajinách V4 cez optiku NGO sustainability indexu. NGO sustainability index - kľúčový nástroj pri meraní rozvoja mimovládnych organizácií vo svete. Jeho charakteristika.

Uložené v:
Podrobná bibliografia
Hlavný autor: Mižičková, Ivana
Médium: Kapitola
Jazyk:Slovak
Predmet:
Tagy: Pridať tag
Žiadne tagy, Buďte prvý, kto otaguje tento záznam!

MARC

LEADER 00000nla$a2200000$$$4500
001 0074871
005 20240502083213.3
041 0 |a slo 
044 |a CZ 
245 1 0 |a Vývoj mimovládneho sektora v krajinách Vyšehrádskej skupiny  |c Ivana Mižičková 
520 |a Bližší pohľad na vývoj mimovládneho sektora v krajinách V4 cez optiku NGO sustainability indexu. NGO sustainability index - kľúčový nástroj pri meraní rozvoja mimovládnych organizácií vo svete. Jeho charakteristika. 
610 2 0 |a organizácie nevládne 
610 2 0 |a výkonnosť 
610 2 0 |a meranie 
610 2 0 |a indexy 
610 2 0 |a Vyšehradská štvorka 
100 1 |a Mižičková, Ivana